[Event "40th Olympiad Open"]
[Site "Istanbul TUR"]
[Date "2012.09.05"]
[Round "8.7"]
[White "Tkachiev, V."]
[Black "Quesada Perez, Yu"]
[Result "1/2-1/2"]
[WhiteElo "2644"]
[BlackElo "2626"]
[PlyCount "98"]
[EventDate "2012.08.28"]
[SourceDate "1999.07.01"]
[WhiteTeam "France"]
[BlackTeam "Cuba"]
[WhiteTeamCountry "IRL"]
[BlackTeamCountry "GAM"]

1. d4 Nf6 2. c4 e6 3. Nc3 Bb4 4. Qc2 O-O 5. Nf3 d6 6. g3 e5 7. Bg2 Nc6 8. dxe5
dxe5 9. O-O Bxc3 10. Qxc3 Qe7 11. Be3 Re8 12. h3 a5 13. Rfe1 h6 14. Rad1 Bf5
15. Nd2 Qb4 16. Nb1 Be4 17. Bf1 Rad8 18. Na3 Nd4 19. Qc1 b6 20. Nb5 Nxb5 21.
cxb5 Rxd1 22. Rxd1 Ba8 23. b3 Qxb5 24. Qxc7 Nd5 25. Qc4 Qxc4 26. bxc4 Nxe3 27.
fxe3 Be4 28. Rd6 Re6 29. Rd8+ Kh7 30. Rb8 Rc6 31. g4 Rxc4 32. Rxb6 Ra4 33. Rb2
Bd5 34. Rb5 Bxa2 35. Rxe5 Bb3 36. Bg2 Ra1+ 37. Kf2 a4 38. Be4+ g6 39. Ra5 Rd1
40. Bc6 Kg7 41. Ra8 Ra1 42. e4 Kf6 43. Bd5 Bxd5 44. exd5 a3 45. d6 Ke6 46. Ra4
a2 47. Kg2 f5 48. gxf5+ gxf5 49. Kh2 Kd7 1/2-1/2

[Event "40th Olympiad Open"]
[Site "Istanbul TUR"]
[Date "2012.09.05"]
[Round "8.10"]
[White "Van Wely, L."]
[Black "Miezis, N."]
[Result "1/2-1/2"]
[WhiteElo "2691"]
[BlackElo "2580"]
[PlyCount "141"]
[EventDate "2012.08.28"]
[SourceDate "1999.07.01"]
[WhiteTeam "Netherlands"]
[BlackTeam "Latvia"]
[WhiteTeamCountry "UKR"]
[BlackTeamCountry "PAR"]

1. d4 Nf6 2. c4 e6 3. Nc3 Bb4 4. Qc2 c5 5. dxc5 Nc6 6. Nf3 Bxc5 7. Bg5 h6 8.
Bh4 O-O 9. e3 Be7 10. Be2 d5 11. O-O Nb4 12. Qb3 Ne4 13. Bxe7 Qxe7 14. a3 Nxc3
15. bxc3 Na6 16. cxd5 Nc5 17. Qa2 exd5 18. Qxd5 Rd8 19. Qa2 Be6 20. c4 Bf5 21.
Rfd1 Rac8 22. Nd4 Be4 23. Bf1 Rd6 24. Rd2 Rg6 25. Ne2 h5 26. Nf4 Rg5 27. Rd4 h4
28. h3 Re8 29. Rad1 Bf3 30. Be2 Be4 31. Bg4 f5 32. Be2 Ne6 33. c5 Kh7 34. Nxe6
Rxg2+ 35. Kf1 Bc6 36. Rd6 Rh2 37. f4 Kh8 38. Qb2 Rxh3 39. Qe5 Rh1+ 40. Kf2 Rh2+
41. Ke1 h3 42. Kd2 Bb5 43. Re1 Qf7 44. Qd5 Bc6 45. Qb3 Bf3 46. Nd4 Bxe2 47.
Qxf7 Bc4+ 48. Kc3 Bxf7 49. Nxf5 g6 50. Nh6 Be6 51. e4 Kh7 52. f5 Bxf5 53. Nxf5
gxf5 54. e5 Rg2 55. Re3 h2 56. Rh3+ Kg8 57. Kd4 Rd2+ 58. Kc4 Rg2 59. Kd5 f4 60.
Rdh6 Rd2+ 61. Ke4 Re2+ 62. Kxf4 R8xe5 63. Rh8+ Kf7 64. Rxh2 Rxh2 65. Rxh2 Rxc5
66. Rh7+ Ke6 67. Rxb7 Rc4+ 68. Ke3 Rc3+ 69. Kd2 Rxa3 70. Kc2 Kd5 71. Rc7
1/2-1/2

[Event "40th Olympiad Open"]
[Site "Istanbul TUR"]
[Date "2012.09.06"]
[Round "9.23"]
[White "Gundavaa, B."]
[Black "Grandelius, N."]
[Result "1/2-1/2"]
[WhiteElo "2519"]
[BlackElo "2562"]
[PlyCount "106"]
[EventDate "2012.08.28"]
[SourceDate "1999.07.01"]
[WhiteTeam "Mongolia"]
[BlackTeam "Sweden"]
[WhiteTeamCountry "TJK"]
[BlackTeamCountry "BNN"]

1. d4 Nf6 2. c4 e6 3. Nc3 Bb4 4. Qc2 d5 5. a3 Bxc3+ 6. Qxc3 O-O 7. Nf3 dxc4 8.
Qxc4 b6 9. Bg5 Ba6 10. Qa4 h6 11. Bh4 Bb7 12. e3 Nbd7 13. Ne5 a6 14. Bxf6 Nxf6
15. Nc6 Qe8 16. Rc1 Rd8 17. Qc2 Rd6 18. Ne5 c5 19. dxc5 bxc5 20. f3 Qb8 21. Be2
Bd5 22. e4 Rb6 23. Qxc5 Rxb2 24. Nd3 Rb5 25. Qe3 Ba8 26. Nb4 Rh5 27. Nxa6 Qe5
28. Rc5 Qa1+ 29. Rc1 Qe5 30. Rc5 Qa1+ 31. Qc1 Qd4 32. Qc3 Qd8 33. O-O Bb7 34.
Rxh5 Nxh5 35. Qe3 Nf4 36. Qxf4 Qb6+ 37. Rf2 Qb1+ 38. Rf1 Qb6+ 39. Kh1 Bxa6 40.
Bxa6 Qxa6 41. Ra1 Ra8 42. Qd2 Qb5 43. h3 Qb3 44. Qc1 Ra4 45. Qc8+ Kh7 46. Qd7
Rxa3 47. Rxa3 Qxa3 48. Qxf7 Qa1+ 49. Kh2 Qe5+ 50. Kg1 Qd4+ 51. Kf1 Qd1+ 52. Kf2
Qd2+ 53. Kg3 Qg5+ 1/2-1/2

[Event "40th Olympiad Open"]
[Site "Istanbul TUR"]
[Date "2012.09.07"]
[Round "10.16"]
[White "Ivanisevic, I."]
[Black "Pelletier, Y."]
[Result "1/2-1/2"]
[WhiteElo "2645"]
[BlackElo "2595"]
[PlyCount "47"]
[EventDate "2012.08.28"]
[SourceDate "1999.07.01"]
[WhiteTeam "Serbia"]
[BlackTeam "Switzerland"]
[BlackTeamCountry "BTN"]

1. d4 e6 2. c4 Nf6 3. Nc3 Bb4 4. Qc2 O-O 5. Nf3 c5 6. dxc5 Na6 7. c6 bxc6 8. g3
d5 9. a3 Bxc3+ 10. Qxc3 Nc5 11. Bg2 Ba6 12. Qc2 dxc4 13. O-O Nb3 14. Rb1 Qa5
15. Bg5 Rad8 16. Rfe1 Rd5 17. Bxf6 gxf6 18. Qe4 Nd2 19. Qg4+ Kh8 20. Rbc1 Rfd8
21. Qf4 Kg7 22. Qg4+ Kh8 23. Qf4 Kg7 24. Qg4+ 1/2-1/2

[Event "40th Olympiad Women"]
[Site "Istanbul TUR"]
[Date "2012.09.06"]
[Round "9.2"]
[White "Harika, D."]
[Black "Kosintseva, T."]
[Result "1/2-1/2"]
[WhiteElo "2503"]
[BlackElo "2530"]
[PlyCount "67"]
[EventDate "2012.08.28"]
[SourceDate "1999.07.01"]
[WhiteTeam "India"]
[BlackTeam "Russia"]
[WhiteTeamCountry "MRI"]
[BlackTeamCountry "NIG"]

1. d4 Nf6 2. c4 e6 3. Nc3 Bb4 4. Qc2 O-O 5. Nf3 c5 6. dxc5 Na6 7. g3 Nxc5 8.
Bg2 b6 9. O-O Bb7 10. Nb5 Be4 11. Qd1 a6 12. Nd6 Bc6 13. Bf4 Nce4 14. Nxe4 Bxe4
15. Bd6 Bxd6 16. Qxd6 Qb8 17. Rfd1 Qb7 18. Ne1 Bxg2 19. Nxg2 Rfc8 20. Ne3 Rc6
21. Qf4 b5 22. b3 h6 23. Rd3 a5 24. Rad1 bxc4 25. bxc4 Qc7 26. Qxc7 Rxc7 27. f3
Rb8 28. Ra3 Ra7 29. Rb3 Rxb3 30. axb3 Rb7 31. Ra1 Rxb3 32. Kf2 Kf8 33. Rxa5 Ke7
34. Ra2 1/2-1/2

[Event "32nd Bratto Masters"]
[Site "Bratto ITA"]
[Date "2012.08.22"]
[Round "5.2"]
[White "Maiorov, N1."]
[Black "Mamedov, Nid"]
[Result "1-0"]
[WhiteElo "2554"]
[BlackElo "2614"]
[PlyCount "147"]
[EventDate "2012.08.18"]
[SourceDate "1999.07.01"]

1. d4 Nf6 2. c4 e6 3. Nc3 Bb4 4. Qc2 O-O 5. a3 Bxc3+ 6. Qxc3 d5 7. Nf3 dxc4 8.
Qxc4 b6 9. Bg5 Ba6 10. Qa4 c5 11. dxc5 bxc5 12. Rc1 Qb6 13. Bxf6 gxf6 14. Rc2
Rd8 15. e3 Bxf1 16. Rxf1 Nd7 17. Ke2 Nf8 18. Qc4 Rab8 19. Rd1 Rxd1 20. Kxd1 Nd7
21. Rd2 Rb7 22. Rc2 Kf8 23. Kc1 Ke7 24. Kb1 Qb5 25. Qxb5 Rxb5 26. Rc4 f5 27.
Rh4 Nf6 28. Ne5 Rb7 29. f3 Kd6 30. Nc4+ Kd5 31. Kc2 h5 32. Nd2 e5 33. Ra4 Nd7
34. b3 Rc7 35. Nb1 Rb7 36. Nc3+ Kc6 37. Rh4 Nf6 38. e4 f4 39. g3 fxg3 40. hxg3
Rd7 41. Nd1 Rd8 42. Ne3 Rg8 43. Nf5 Rg5 44. Kd3 Ne8 45. Rh3 Nc7 46. Nh6 f6 47.
f4 exf4 48. gxf4 Rg1 49. Rxh5 Nb5 50. Nf5 Rb1 51. a4 Nc7 52. Kc2 Rf1 53. Rh6
Rxf4 54. Rxf6+ Kd7 55. Rf7+ Kd8 56. Nd6 Rxf7 57. Nxf7+ Ke7 58. Ne5 Kd6 59. Nd3
Ne6 60. Kc3 Ng5 61. Nf2 Nf3 62. Ng4 Ng5 63. Kd3 Nf3 64. Ne3 Ke5 65. Nc4+ Kf4
66. Nd6 Ne5+ 67. Kc3 Ke3 68. a5 Nc6 69. a6 Nb4 70. Kc4 Nxa6 71. e5 Nc7 72. Nb5
Ne6 73. Nxa7 Kd2 74. Nc6 1-0

[Event "11th Braunau Open A"]
[Site "Ranshofen AUT"]
[Date "2012.08.08"]
[Round "6.1"]
[White "Hera, I."]
[Black "Panchanathan, M."]
[Result "1/2-1/2"]
[WhiteElo "2568"]
[BlackElo "2564"]
[PlyCount "64"]
[EventDate "2012.08.04"]
[SourceDate "1999.07.01"]

1. d4 Nf6 2. c4 e6 3. Nc3 Bb4 4. Qc2 O-O 5. Nf3 b6 6. e4 Bb7 7. Bd3 h6 8. Bd2
Bxc3 9. Bxc3 d5 10. cxd5 exd5 11. e5 Ne4 12. O-O c5 13. Rad1 Nd7 14. Nd2 cxd4
15. Bxd4 Rc8 16. Qb1 Qh4 17. Nf3 Qe7 18. b4 Rfe8 19. Rfe1 Nf8 20. Bb5 Red8 21.
Qb2 Ne6 22. Rc1 Rxc1 23. Rxc1 Rc8 24. Rxc8+ Bxc8 25. Be3 Qc7 26. Bd3 Bd7 27. a3
Ba4 28. Qc1 Nc3 29. Bd2 Bb5 30. Qxc3 Qxc3 31. Bxc3 Bxd3 32. Nd4 Nxd4 1/2-1/2

[Event "45th Biel Masters Open"]
[Site "Biel SUI"]
[Date "2012.07.31"]
[Round "8"]
[White "Shankland, S."]
[Black "Meier, Geo"]
[Result "0-1"]
[WhiteElo "2579"]
[BlackElo "2644"]
[PlyCount "126"]
[EventDate "2012.07.23"]
[SourceDate "1999.07.01"]

1. d4 Nf6 2. c4 e6 3. Nc3 Bb4 4. Qc2 O-O 5. Nf3 c5 6. dxc5 Nc6 7. g3 Bxc5 8.
Bg2 d5 9. cxd5 Nb4 10. Qb3 exd5 11. a3 Nc6 12. O-O d4 13. Na4 Be7 14. Bg5 Be6
15. Qd1 Rc8 16. Rc1 b6 17. Qd3 h6 18. Bxf6 Bxf6 19. b4 Qd7 20. Nb2 Ne7 21. Rfd1
Rc3 22. Qb1 Qc7 23. Na4 Rxc1 24. Rxc1 Qd7 25. Nb2 Nd5 26. Qd3 Nc3 27. e4 dxe3
28. Qxe3 Rc8 29. Bf1 Bd5 30. Nd3 Qa4 31. Nfe5 Qxa3 32. Nd7 Bg5 33. f4 Bf6 34.
Nxf6+ gxf6 35. Qd4 Ne2+ 36. Bxe2 Rxc1+ 37. Kf2 Rh1 38. Qxd5 Rxh2+ 39. Ke3 Qa1
40. Qf3 h5 41. b5 a5 42. bxa6 Qxa6 43. Qd5 Qa1 44. Kd2 Kg7 45. Qe4 Qa5+ 46. Nb4
Qa3 47. Nc2 Qb2 48. Qc6 Kh6 49. Qe8 Kg7 50. Qc6 b5 51. Qe4 Qb1 52. Qe7 Qb2 53.
Qe4 b4 54. Qxb4 Rxe2+ 55. Kxe2 Qxc2+ 56. Kf3 Qh2 57. f5 Qg1 58. Qd2 Qf1+ 59.
Ke4 Qc4+ 60. Ke3 Qc5+ 61. Kf3 Qxf5+ 62. Kg2 Qg5 63. Qd7 Qg4 0-1

[Event "45th Biel Masters Open"]
[Site "Biel SUI"]
[Date "2012.08.02"]
[Round "10"]
[White "Kraemer, Mart"]
[Black "Pelletier, Y."]
[Result "1/2-1/2"]
[WhiteElo "2506"]
[BlackElo "2599"]
[PlyCount "121"]
[EventDate "2012.07.23"]
[SourceDate "1999.07.01"]

1. d4 Nf6 2. c4 e6 3. Nc3 Bb4 4. Qc2 O-O 5. a3 Bxc3+ 6. Qxc3 d5 7. Bg5 dxc4 8.
Qxc4 b6 9. Rd1 Ba6 10. Qa4 Qd7 11. Qc2 Qb5 12. Nf3 Qa5+ 13. Qd2 Qxd2+ 14. Nxd2
Nbd7 15. e3 Bxf1 16. Rxf1 Rfc8 17. Bxf6 Nxf6 18. Rc1 c5 19. dxc5 Nd7 20. Ke2
Rxc5 21. Ne4 Rxc1 22. Rxc1 Kf8 23. Nd6 Rd8 24. Rc7 Ne5 25. Nc8 b5 26. Nxa7 Nc4
27. Nxb5 Rd2+ 28. Kf3 Nxb2 29. Nd4 Nd3 30. Kg3 Nxf2 31. Rc2 Ne4+ 32. Kf4 Rxc2
33. Nxc2 Nc5 34. Ke5 Ke7 35. Kd4 Kd6 36. Kc4 Kc6 37. Nd4+ Kb6 38. Nf3 f6 39.
Nd4 g6 40. Ne2 Kc6 41. Nd4+ Kb6 42. h3 g5 43. Ne2 h5 44. Ng3 h4 45. Nh5 Nd7 46.
Ng7 Nc5 47. Ne8 f5 48. Kd4 Kc6 49. Ke5 Kd7 50. Ng7 f4 51. exf4 Nd3+ 52. Kf6
Nxf4 53. Kxg5 Nxg2 54. Nh5 e5 55. Kf5 Ne3+ 56. Ke4 Nc4 57. a4 Ke6 58. Ng7+ Kf6
59. Ne8+ Ke7 60. Nc7 Kd6 61. Ne8+ 1/2-1/2

[Event "2nd Polugaevsky Mem"]
[Site "Samara RUS"]
[Date "2012.07.07"]
[Round "3.5"]
[White "Yemelin, V."]
[Black "Ovetchkin, R."]
[Result "1-0"]
[WhiteElo "2577"]
[BlackElo "2501"]
[PlyCount "95"]
[EventDate "2012.07.05"]
[SourceDate "1999.07.01"]

1. d4 Nf6 2. c4 e6 3. Nc3 Bb4 4. Qc2 O-O 5. a3 Bxc3+ 6. Qxc3 d6 7. Bg5 Nbd7 8.
Nf3 b6 9. Nd2 h6 10. Bh4 c5 11. e3 Qc7 12. dxc5 Qxc5 13. Be2 Ba6 14. O-O Rac8
15. Rac1 d5 16. b4 Qe7 17. Qb2 dxc4 18. Nxc4 g5 19. Bg3 Ne4 20. Nxb6 Rxc1 21.
Rxc1 Bxe2 22. Nxd7 Qxd7 23. Qxe2 Rd8 24. Be5 Qd5 25. Ba1 Qb3 26. f3 Nd2 27. Bc3
Nb1 28. Qb2 Rd1+ 29. Rxd1 Qxd1+ 30. Kf2 Nxc3 31. Qxc3 Qd5 32. Qc8+ Kg7 33. Qc3+
Kg8 34. Qb2 h5 35. h3 g4 36. hxg4 hxg4 37. fxg4 e5 38. Qc2 e4 39. Qc8+ Kg7 40.
Qc3+ Kg8 41. Qd4 Qa2+ 42. Kg3 Qxa3 43. Qxe4 Qa1 44. g5 Qe1+ 45. Kh2 Qe2 46.
Qe8+ Kg7 47. Qe5+ Kg8 48. g6 1-0

[Event "45th Biel Masters Open"]
[Site "Biel SUI"]
[Date "2012.07.26"]
[Round "4"]
[White "Golod, V."]
[Black "Meier, Geo"]
[Result "1/2-1/2"]
[WhiteElo "2547"]
[BlackElo "2644"]
[PlyCount "39"]
[EventDate "2012.07.23"]
[SourceDate "1999.07.01"]

1. d4 Nf6 2. c4 e6 3. Nc3 Bb4 4. Qc2 O-O 5. a3 Bxc3+ 6. Qxc3 b6 7. Bg5 Bb7 8.
f3 h6 9. Bh4 d5 10. e3 Nbd7 11. cxd5 Nxd5 12. Bxd8 Nxc3 13. Bh4 Nd5 14. Bf2 c5
15. e4 Ne7 16. Bb5 Bc6 17. Bxc6 Nxc6 18. Ne2 cxd4 19. Nxd4 Rac8 20. O-O 1/2-1/2

[Event "45th Biel Masters Open"]
[Site "Biel SUI"]
[Date "2012.07.28"]
[Round "6"]
[White "Kraemer, Mart"]
[Black "Postny, E."]
[Result "0-1"]
[WhiteElo "2506"]
[BlackElo "2653"]
[PlyCount "76"]
[EventDate "2012.07.23"]
[SourceDate "1999.07.01"]

1. d4 Nf6 2. c4 e6 3. Nc3 Bb4 4. Qc2 c5 5. dxc5 Na6 6. a3 Bxc3+ 7. Qxc3 Nxc5 8.
f3 d6 9. e4 O-O 10. Be3 b6 11. Rd1 Qc7 12. b4 Ncd7 13. Qd4 Ne8 14. Ne2 Ba6 15.
Nc3 Rc8 16. Rc1 Qd8 17. Nb5 Bxb5 18. cxb5 Rxc1+ 19. Bxc1 d5 20. exd5 Ndf6 21.
Bd3 Qxd5 22. Qxd5 Nxd5 23. Bd2 Nd6 24. Kf2 Rc8 25. Re1 Kf8 26. g4 Rc7 27. Rc1
Rxc1 28. Bxc1 h6 29. Bd2 g5 30. Kg3 Ne7 31. h4 f6 32. a4 Nf7 33. hxg5 hxg5 34.
a5 Nd5 35. Bc4 Ne5 36. Be2 Nd7 37. Bc4 Ne5 38. Bb3 Nd3 0-1

[Event "30th Andorra Open"]
[Site "Erts-La Massana AND"]
[Date "2012.07.26"]
[Round "6.5"]
[White "Iturrizaga, E."]
[Black "Narciso Dublan, M."]
[Result "1-0"]
[WhiteElo "2628"]
[BlackElo "2539"]
[PlyCount "133"]
[EventDate "2012.07.21"]
[SourceDate "1999.07.01"]

1. d4 Nf6 2. c4 e6 3. Nc3 Bb4 4. Qc2 Nc6 5. Nf3 d6 6. Bd2 O-O 7. a3 Bxc3 8.
Bxc3 Re8 9. Rd1 Qe7 10. e3 e5 11. dxe5 dxe5 12. h3 a5 13. Be2 g6 14. e4 Nh5 15.
g3 b6 16. Qc1 Nf6 17. Bd3 Nd7 18. b3 f6 19. Bc2 Bb7 20. O-O Nd8 21. Nh2 Ne6 22.
Ng4 Rad8 23. f4 Nd4 24. Bxd4 exd4 25. Rxd4 h5 26. Nf2 Nc5 27. Rfd1 Rxd4 28.
Rxd4 Ne6 29. Rd1 c5 30. Qe3 Nd4 31. Bb1 Kg7 32. g4 hxg4 33. hxg4 Rh8 34. Kf1
Qe6 35. Qg3 Qe7 36. b4 axb4 37. axb4 Ra8 38. b5 Qf7 39. Bd3 Qe7 40. Re1 Ra3 41.
Re3 Ra1+ 42. Kg2 Ne6 43. f5 Ng5 44. Qb8 Ra8 45. Qf4 Ra2 46. Kg1 Ra1+ 47. Bf1
Qd8 48. e5 Qd4 49. exf6+ Kxf6 50. Qg3 Ne4 51. Qh4+ Kf7 52. Qh7+ Kf8 53. fxg6
Rxf1+ 54. Kxf1 Qa1+ 55. Kg2 Nxf2+ 56. Kxf2 Qb2+ 57. Re2 Qd4+ 58. Kg3 Qg1+ 59.
Kh4 Qh1+ 60. Kg5 Qc1+ 61. Kf5 Qf1+ 62. Ke5 Qxe2+ 63. Kd6 Qd2+ 64. Kc7 Qf4+ 65.
Kxb7 Qf3+ 66. Kb8 Qf4+ 67. Ka7 1-0

[Event "30th Andorra Open"]
[Site "Erts-La Massana AND"]
[Date "2012.07.28"]
[Round "8.1"]
[White "Georgiev, Ki"]
[Black "Illescas Cordoba, M."]
[Result "1/2-1/2"]
[WhiteElo "2680"]
[BlackElo "2601"]
[PlyCount "41"]
[EventDate "2012.07.21"]
[SourceDate "1999.07.01"]

1. d4 Nf6 2. c4 e6 3. Nc3 Bb4 4. Qc2 d5 5. a3 Bxc3+ 6. Qxc3 dxc4 7. Qxc4 b6 8.
Bf4 O-O 9. Nf3 Ba6 10. Qxc7 Qd5 11. Qd6 Qf5 12. g4 Qc2 13. Rc1 Qxb2 14. g5 Nd5
15. Bd2 Nc6 16. e3 Bxf1 17. Kxf1 Na5 18. Kg2 Rfd8 19. Qg3 Nb3 20. Rcd1 Qc2 21.
Rhe1 1/2-1/2

[Event "23rd Czech Open A"]
[Site "Pardubice CZE"]
[Date "2012.07.24"]
[Round "5.4"]
[White "Zilka, S."]
[Black "Kononenko, Dmitry1"]
[Result "1/2-1/2"]
[WhiteElo "2517"]
[BlackElo "2608"]
[PlyCount "30"]
[EventDate "2012.07.12"]
[SourceDate "1999.07.01"]

1. d4 Nf6 2. c4 e6 3. Nc3 Bb4 4. Qc2 c5 5. dxc5 Qc7 6. Nf3 a6 7. Bg5 Bxc5 8. e3
Be7 9. Bd3 d6 10. O-O Nbd7 11. Rfd1 b6 12. Ne4 Bb7 13. Bh4 Rc8 14. Nxf6+ Nxf6
15. Qe2 O-O 1/2-1/2

[Event "23rd Czech Open Rapid"]
[Site "Pardubice CZE"]
[Date "2012.07.19"]
[Round "9.4"]
[White "Hess, Ro"]
[Black "Simantsev, M."]
[Result "1-0"]
[WhiteElo "2639"]
[BlackElo "2531"]
[PlyCount "113"]
[EventDate "2012.07.18"]
[SourceDate "1999.07.01"]

1. d4 Nf6 2. c4 e6 3. Nc3 Bb4 4. Qc2 O-O 5. a3 Bxc3+ 6. Qxc3 d5 7. Nf3 dxc4 8.
Qxc4 b6 9. Bg5 Ba6 10. Qa4 c5 11. Rd1 Qe8 12. Qxe8 Rxe8 13. dxc5 bxc5 14. Ne5
Rc8 15. g3 Bb7 16. f3 h6 17. Bxf6 gxf6 18. Nc4 Bd5 19. Nd6 Rd8 20. Nb5 Na6 21.
Rc1 Rd7 22. e4 Bb7 23. Be2 Bc6 24. Nc3 Nb8 25. Nd1 Rb7 26. Rxc5 a5 27. Kf2 Rb6
28. Rc2 Nd7 29. Ne3 Ne5 30. Rhc1 Ba4 31. Rd2 Rab8 32. f4 Ng6 33. Nc4 R6b7 34.
Bd1 Bxd1 35. Rcxd1 a4 36. Rd8+ Kg7 37. R8d7 Rxd7 38. Rxd7 Rc8 39. Rxf7+ Kg8 40.
Rxf6 Kg7 41. Rf7+ Kg8 42. Nd6 Rc2+ 43. Ke3 Rxb2 44. Rf6 Nf8 45. Rxh6 Rb3+ 46.
Kd4 Rxa3 47. Rh5 Ra2 48. Rg5+ Kh7 49. Ne8 a3 50. Nf6+ Kh6 51. Ng4+ Kh7 52. Ra5
Ra1 53. Ne3 Kg6 54. Nc2 Rc1 55. Nxa3 Rh1 56. h4 Nd7 57. Nc4 1-0

[Event "Turkish Bank Chess League 2012"]
[Site "Konya TUR"]
[Date "2012.07.15"]
[Round "5"]
[White "Kasimdzhanov, R."]
[Black "Durarbayli, V."]
[Result "1/2-1/2"]
[WhiteElo "2690"]
[BlackElo "2576"]
[PlyCount "82"]
[EventDate "2012.07.11"]
[SourceDate "1999.07.01"]
[WhiteTeam "Istanbul ISEK Aquamatch"]
[BlackTeam "Ankara Gazi"]

1. d4 Nf6 2. c4 e6 3. Nc3 Bb4 4. Qc2 d5 5. a3 Bxc3+ 6. Qxc3 Ne4 7. Qc2 c5 8.
dxc5 Nc6 9. cxd5 exd5 10. e3 Bf5 11. Bd3 Qa5+ 12. b4 Nxb4 13. axb4 Qxa1 14. Ne2
Bg6 15. O-O Nf6 16. Bb5+ Kf8 17. Qb3 Qe5 18. Bb2 Qe7 19. Nd4 a6 20. Ra1 Kg8 21.
c6 Rb8 22. Be2 h6 23. Bc3 Kh7 24. cxb7 Qxb7 25. Bxa6 Qc7 26. Nf3 Ra8 27. b5
Rhc8 28. Bxf6 gxf6 29. Rf1 Qc2 30. Qxc2 Rxc2 31. Nd4 Rc5 32. Rd1 Rb8 33. Kf1
Kg7 34. Ke2 Kf8 35. Rd2 Rb6 36. Ra2 Ke7 37. Kd2 Kd6 38. Nb3 Rc4 39. Na5 Rc7 40.
Nb3 Bf5 41. Nd4 Ke5 1/2-1/2

[Event "Turkish Bank Chess League 2012"]
[Site "Konya TUR"]
[Date "2012.07.16"]
[Round "7"]
[White "Kasimdzhanov, R."]
[Black "Savchenko, B."]
[Result "1/2-1/2"]
[WhiteElo "2690"]
[BlackElo "2550"]
[PlyCount "110"]
[EventDate "2012.07.11"]
[SourceDate "1999.07.01"]
[WhiteTeam "Istanbul ISEK Aquamatch"]
[BlackTeam "Manisa T.S Alyans"]

1. d4 e6 2. c4 Nf6 3. Nc3 Bb4 4. Qc2 O-O 5. a3 Bxc3+ 6. Qxc3 d6 7. Nf3 Nbd7 8.
g3 b6 9. Bg2 Bb7 10. O-O c5 11. b4 a5 12. Bb2 Qc7 13. Rfd1 Ne4 14. Qb3 d5 15.
Rac1 b5 16. cxd5 Bxd5 17. Qe3 c4 18. bxa5 Rxa5 19. Ne1 Nd6 20. Qf4 Bxg2 21.
Nxg2 Nb6 22. Bc3 Ra6 23. e4 Rfa8 24. Bb4 Ne8 25. Qf3 Nf6 26. g4 h6 27. h4 e5
28. g5 hxg5 29. hxg5 Nh7 30. Qg3 Nd7 31. Nh4 Qa7 32. dxe5 Nc5 33. Qg4 Nd3 34.
Rxd3 cxd3 35. Nf5 Re6 36. Kg2 Rxe5 37. Rh1 Qb6 38. Bd6 Rxf5 39. Qxf5 Nxg5 40.
Bf4 Ne6 41. Qh7+ Kf8 42. Qh8+ Ke7 43. Bg5+ Nxg5 44. Qxa8 Qc7 45. Qd5 Ne6 46.
Qxb5 Nf4+ 47. Kf3 Ng6 48. Qg5+ Ke6 49. Rc1 Ne5+ 50. Kg2 Qb7 51. Qe3 f5 52. a4
d2 53. Qxd2 Qxe4+ 54. Kf1 Qh1+ 55. Ke2 Qf3+ 1/2-1/2

[Event "4th Rethymno Open"]
[Site "Rethymno GRE"]
[Date "2012.07.11"]
[Round "6.1"]
[White "Rychagov, A."]
[Black "Sargissian, G."]
[Result "1/2-1/2"]
[WhiteElo "2517"]
[BlackElo "2685"]
[PlyCount "257"]
[EventDate "2012.07.07"]
[SourceDate "1999.07.01"]

1. d4 Nf6 2. c4 e6 3. Nc3 Bb4 4. Qc2 c5 5. dxc5 O-O 6. a3 Bxc5 7. Nf3 b6 8. Bf4
Bb7 9. Rd1 Nh5 10. Bg5 Be7 11. Bc1 d6 12. e4 Nd7 13. Be2 Nhf6 14. Bf4 Qb8 15.
O-O a6 16. b4 Rd8 17. Nd2 Qa7 18. Rc1 Rac8 19. Qb1 Qb8 20. Rfe1 Qa8 21. Bd3 h6
22. h3 Bf8 23. Be3 Bc6 24. Bd4 Qb8 25. Nb3 Re8 26. a4 Ne5 27. Bf1 Ba8 28. Nd2
Nfd7 29. Be3 a5 30. b5 Nc5 31. f4 Ned7 32. Nb3 Qc7 33. Nd4 Nf6 34. Bf2 Nh5 35.
g3 Nf6 36. Bg2 Nfd7 37. Rcd1 e5 38. Nf5 exf4 39. gxf4 Ne6 40. Ne2 Qxc4 41. Nxd6
Bxd6 42. Rxd6 Ndc5 43. Ng3 Nxf4 44. Bf1 Qxa4 45. Rd4 Qb3 46. Qxb3 Nxb3 47. Rd6
Re6 48. Rxb6 Rxb6 49. Bxb6 a4 50. Nf5 Rc2 51. Be3 Ne6 52. Bd3 Rc3 53. Bb1 Nbc5
54. Nd6 a3 55. b6 Nd3 56. Rd1 Nb4 57. Bd2 Rb3 58. Rc1 Nc5 59. Ba2 Nxa2 60. Rxc5
Rxb6 61. e5 Bb7 62. Ra5 Rb3 63. Nxb7 Rxb7 64. Rxa3 Rb2 65. Rd3 Nb4 66. Rd8+ Kh7
67. Rd7 Nc6 68. e6 fxe6 69. Bc3 Rb1+ 70. Kg2 e5 71. Rd6 Ne7 72. Bxe5 Nf5 73.
Rd3 g5 74. Bg3 Kg6 75. Bf2 Rb2 76. Ra3 Nh4+ 77. Kg3 Kh5 78. Rc3 Ra2 79. Rb3 Ng6
80. Be3 Nh4 81. Bf2 Nf5+ 82. Kf3 Ne7 83. Bg3 Ng6 84. Bf2 Nf4 85. h4 Nh3 86.
hxg5 Nxf2 87. gxh6 Kxh6 88. Rb5 Kg6 89. Rd5 Nh3 90. Kg4 Ng1 91. Rd6+ Kf7 92.
Rb6 Ra4+ 93. Kf5 Ra5+ 94. Ke4 Ne2 95. Rc6 Ng3+ 96. Kf4 Nh5+ 97. Ke4 Nf6+ 98.
Kd4 Ra4+ 99. Rc4 Ra6 100. Ke5 Nd7+ 101. Kf5 Ra5+ 102. Kf4 Ne5 103. Rc8 Ng6+
104. Ke4 Ra4+ 105. Kd3 Nf4+ 106. Ke3 Ke6 107. Re8+ Kf5 108. Kd2 Ra3 109. Kc2
Ne6 110. Rh8 Ke4 111. Rh4+ Kd5 112. Rh8 Nf4 113. Rd8+ Ke4 114. Rd7 Nd5 115. Rh7
Ne3+ 116. Kb2 Ra8 117. Kc3 Nd5+ 118. Kc4 Rc8+ 119. Kb5 Nc3+ 120. Kb6 Kd4 121.
Rh4+ Ne4 122. Rg4 Kd5 123. Rg1 Rc2 124. Rh1 Rc6+ 125. Kb5 Nd6+ 126. Kb4 Rb6+
127. Kc3 Ne4+ 128. Kc2 Rg6 129. Kb3 1/2-1/2

[Event "8th RUS-CHN Summit Men Rapid"]
[Site "St Petersburg RUS"]
[Date "2012.07.07"]
[Round "2"]
[White "Li Chao2"]
[Black "Vitiugov, N."]
[Result "0-1"]
[WhiteElo "2687"]
[BlackElo "2703"]
[PlyCount "80"]
[EventDate "2012.07.07"]
[SourceDate "1999.07.01"]

1. d4 Nf6 2. c4 e6 3. Nc3 Bb4 4. Qc2 d6 5. e4 Nbd7 6. Bd3 e5 7. Nge2 O-O 8. O-O
c6 9. a3 Ba5 10. Kh1 Bb6 11. Bg5 exd4 12. Na4 h6 13. Bh4 Ne5 14. Nxb6 axb6 15.
Nxd4 Ng6 16. Bg3 Nh5 17. Rad1 Nxg3+ 18. hxg3 h5 19. Be2 Ra5 20. Qd2 h4 21. g4
Re8 22. Nf5 Rxe4 23. Nxd6 Re6 24. g5 Rae5 25. Bf3 Re7 26. Qb4 Qc7 27. Bh5 c5
28. Qd2 h3 29. g3 Rd7 30. Bf3 Qd8 31. Kh2 Re6 32. Nxf7 Kxf7 33. Bd5 Rxd5 34.
cxd5 Re4 35. Qd3 Bf5 36. d6 Ne5 37. Qd5+ Kg6 38. Qxb7 Ng4+ 39. Kh1 Re2 40. f3
Qe8 0-1

[Event "8th RUS-CHN Summit Men Rapid"]
[Site "St Petersburg RUS"]
[Date "2012.07.07"]
[Round "3"]
[White "Li Chao2"]
[Black "Matlakov, M."]
[Result "0-1"]
[WhiteElo "2687"]
[BlackElo "2668"]
[PlyCount "80"]
[EventDate "2012.07.07"]
[SourceDate "1999.07.01"]

1. d4 Nf6 2. c4 e6 3. Nc3 Bb4 4. Qc2 c5 5. dxc5 O-O 6. Bf4 Qa5 7. e3 Na6 8. Bd3
Nxc5 9. Nge2 e5 10. O-O exf4 11. exf4 Bxc3 12. Nxc3 d6 13. Be2 Bg4 14. Bxg4
Nxg4 15. Rfd1 Nf6 16. a3 Qb6 17. b4 Ne6 18. f5 Nc7 19. Rd3 Qc6 20. Ne2 a5 21.
Rad1 axb4 22. axb4 d5 23. c5 Qa4 24. Qb2 Qa2 25. Qe5 Rae8 26. Qxc7 Rxe2 27. Qf4
Re4 28. Qd6 Rxb4 29. h3 Rb1 30. Kh2 Rxd1 31. Rxd1 Qxf2 32. Rb1 Ne4 33. Qc7 Nxc5
34. Rd1 Ne4 35. Rxd5 g6 36. fxg6 hxg6 37. Rd3 b5 38. Qe5 Qf5 39. Qd4 Qf4+ 40.
g3 Qf5 0-1